1412 1666 1096 1239 1116 1369 1907 1550 1048 1940 1821 1981 1901 1603 1214 1961 1116 1879 1674 1587 1751 1928 1169 1741 1719 1796 1227 1092 1623 1971 1145 1463 1558 1474 1459 1021 1016 1867 1427 1404 1288 1685 1977 1644 1474 1436 1547 1880 1240 1337 1416 1909 1308 1619 1383 1881 1222 1188 1344 1798 1447 1436 1131 1099 1671 1071 1796 1520 1755 1840 1161 1811 1286 1583 1831 1448 1614 1273 1201 1117 1810 1960 1168 1710 1618 1061 1270 1163 1871 1187 1126 1980 1519 1486 1626 1592 1792 1040 1030 BCNSPRNW ULIB Ver.6.0+V

เปลี่ยนเป็นภาษาไทย

Change to English
 แสดงรายละเอียดบรรณานุกรม
  กลับหน้าหลัก

Brief Record : Get Marc (ISO 2709) : E-mail record : QR code < ปิดหน้าต่าง
LEADER : 00000nam 2200000uu 4500
001    13399113992
003     ULIB
008    120123s||||||||th 000 0 tha d
020    9789747046588
099    นว.^bส732l
100 0  สิริสวรส
245 00 สาปรักศรีจันทรา^cสิริสวรส
260    กรุงเทพฯ :^bKasama, 2550
945    ^p260^l0^i021999
995    เกษร
999 ^a ทศพร
รายการนี้ยังไม่มีแท็ก
คุณยังไม่ได้ล็อกอิน คุณสามารถมีกิจกรรมร่วมกับเว็บไซต์ได้ แต่ต้องล็อกอินก่อน ::
  ล็อกอิน

รายการสื่อสารสนเทศ

ลำดับที่ ประเภท เลขเรียก/บาร์โค้ด สถานที่ สถานะ
- ไม่พบข้อมูล -

BibComment


ยังไม่เคยถูกคอมเมนท์

คอมเมนท์ทรัพยากรรายการนี้
  คอมเมนท์: สาปรักศรีจันทรา ส..


 Copyright 2026. Bcnsprnw @Library